[Event "Medellin Sub zt 2.3.2"]
[Site "Medellin"]
[Date "2025.04.16"]
[Round "4"]
[White "Ocampo Cadavid, Matias"]
[Black "Recio Mendez, Alexis Antonio"]
[Result "0-1"]
[WhiteElo "1685"]
[BlackElo "1883"]
[PlyCount "103"]
[EventDate "2025.04.14"]
[EventType "swiss"]
[EventRounds "9"]
[EventCountry "COL"]
[SourceTitle "CB18_2025"]
[SourceDate "2025.04.30"]
[SourceVersion "1"]
[SourceVersionDate "2025.04.30"]
[SourceQuality "1"]

1. d4 f5 2. Nf3 e6 3. e3 Nf6 4. Nbd2 b6 5. b3 Bb7 6. Bb2 Ne4 7. Nxe4 Bxe4 8. Bd3 Bb7 9. h4 Be7 10. Qe2 d5 11. Ne5 Bf6 12. Qh5+ g6 13. Nxg6 hxg6 14. Qxg6+ Kd7 15. Ba3 c5 16. Rc1 Qe7 17. dxc5 Bc3+ 18. Ke2 Nc6 19. Qg5 Bf6 20. Qf4 bxc5 21. Bb5 a6 22. Ba4 Qd6 23. Qxd6+ Kxd6 24. g3 Nb4 25. Bxb4 cxb4 26. Rhd1 Rac8 27. f3 Bb2 28. c4 Bxc1 29. Rxc1 Rc7 30. Rd1 Ke7 31. cxd5 Bxd5 32. Rd4 Rhc8 33. e4 Rc2+ 34. Ke3 R8c3+ 35. Kf4 Kf6 36. e5+ Kg6 37. Be8+ Kh6 38. Rxd5 exd5 39. Bd7 Re2 40. Bxf5 Rce3 41. e6 Rxe6 42. g4 Re8 43. g5+ Kg7 44. Kg4 Rg2+ 45. Kf4 Rf8 46. h5 Rf2 47. h6+ Kh8 48. g6 Rxf3+ 49. Kxf3 Rxf5+ 50. Kg4 Rf6 51. Kg5 Rxg6+ 52. Kxg6 0-1

[Event "American Continental Rapid 18th"]
[Site "Medellin"]
[Date "2024.06.01"]
[Round "2"]
[White "Bustos Acosta, Isauro"]
[Black "Ocampo Cadavid, Matias"]
[Result "1/2-1/2"]
[WhiteElo "1814"]
[BlackElo "1680"]
[PlyCount "72"]
[EventDate "2024.06.01"]
[EventType "swiss (rapid)"]
[EventRounds "9"]
[EventCountry "COL"]
[SourceTitle "CBM 220 Extra"]
[Source "ChessBase"]
[SourceDate "2024.07.31"]
[SourceVersion "1"]
[SourceVersionDate "2024.07.31"]
[SourceQuality "1"]

1. e4 c6 2. d4 d5 3. Nd2 dxe4 4. Nxe4 Nf6 5. Nxf6+ exf6 6. c3 Bd6 7. Bd3 0-0 8. Qc2 Re8+ 9. Ne2 h6 10. Be3 Qc7 11. 0-0-0 Be6 12. Kb1 Nd7 13. g3 Nb6 14. Nf4 Bg4 15. Rde1 Bf3 16. Rhg1 Nd5 17. Nxd5 cxd5 18. h4 Be4 19. g4 Bh2 20. Bxe4 Rxe4 21. Rg2 Rae8 22. g5 Bf4 23. gxh6 Bxh6 24. Rg3 Bxe3 25. Rgxe3 Rxe3 26. Rxe3 Rxe3 27. fxe3 Qg3 28. Qf5 Qxe3 29. Qxd5 Qd3+ 30. Kc1 Qa6 31. a3 Qf1+ 32. Kc2 Qe2+ 33. Kb3 b5 34. Qa8+ Kh7 35. Qxa7 Qc4+ 36. Kc2 Qe2+ 1/2-1/2

[Event "American Continental Rapid 18th"]
[Site "Medellin"]
[Date "2024.06.01"]
[Round "8"]
[White "Orrego Sucerquia, Tatiana"]
[Black "Ocampo Cadavid, Matias"]
[Result "1-0"]
[WhiteElo "1777"]
[BlackElo "1680"]
[PlyCount "96"]
[EventDate "2024.06.01"]
[EventType "swiss (rapid)"]
[EventRounds "9"]
[EventCountry "COL"]
[SourceTitle "CBM 220 Extra"]
[Source "ChessBase"]
[SourceDate "2024.07.31"]
[SourceVersion "1"]
[SourceVersionDate "2024.07.31"]
[SourceQuality "1"]

1. d4 d5 2. c4 c6 3. cxd5 cxd5 4. Nc3 Nf6 5. Nf3 e6 6. Bg5 Be7 7. e3 0-0 8. Be2 b6 9. 0-0 Bb7 10. h3 Nbd7 11. Rc1 Rc8 12. Qa4 a5 13. Nb5 Bc6 14. Qb3 Rc7 15. Nxc7 Qxc7 16. Bb5 Nb8 17. Ne5 Bd6 18. Nxc6 Nxc6 19. Bxf6 gxf6 20. Rxc6 Qb8 21. Rfc1 Kh8 22. Bd3 Rg8 23. Qxb6 Qxb6 24. Rxb6 Bb4 25. a3 Be7 26. Rc7 Bd8 27. Rcb7 Bxb6 28. Rxb6 Rc8 29. Ra6 Rb8 30. Rxa5 Rxb2 31. a4 Rd2 32. Bf1 Ra2 33. Ra7 Kg7 34. a5 Ra1 35. a6 Kg6 36. h4 h5 37. g3 Kf5 38. Kg2 e5 39. dxe5 fxe5 40. Rxf7+ Ke6 41. Rh7 d4 42. exd4 exd4 43. Rxh5 Kd6 44. Rh7 Kc5 45. a7 Kb4 46. Rh6 Kc3 47. Ra6 Rxf1 48. Kxf1 d3 1-0

[Event "American Continental Blitz 18th"]
[Site "Medellin"]
[Date "2024.05.29"]
[Round "4"]
[White "Meza Galvan, Luis A"]
[Black "Ocampo Cadavid, Matias"]
[Result "1-0"]
[WhiteElo "1849"]
[BlackElo "1680"]
[PlyCount "95"]
[EventDate "2024.05.29"]
[EventType "swiss (blitz)"]
[EventRounds "9"]
[EventCountry "COL"]
[SourceTitle "CBM 220 Extra"]
[Source "ChessBase"]
[SourceDate "2024.07.31"]
[SourceVersion "1"]
[SourceVersionDate "2024.07.31"]
[SourceQuality "1"]

1. e4 c6 2. Nf3 d5 3. exd5 cxd5 4. d4 Nf6 5. Bd3 Bg4 6. 0-0 e6 7. Nc3 Be7 8. h3 Bh5 9. Bf4 0-0 10. Re1 Bxf3 11. Qxf3 Qb6 12. Rab1 Qxd4 13. Red1 Qb6 14. Re1 Nc6 15. a4 Nd4 16. Qd1 Qc6 17. Be5 Nf5 18. Bb5 Qc8 19. Bd3 Nd6 20. Qf3 Nc4 21. Bh2 Nd2 22. Qf4 Nxb1 23. Rxb1 Rd8 24. Qg5 h6 25. Qh4 Qd7 26. Be5 Ne4 27. Qg4 Bf6 28. Bxf6 Nxf6 29. Qg3 Rac8 30. Ne2 Qxa4 31. b3 Qc6 32. Ra1 a6 33. Ra4 b5 34. Rh4 Qd6 35. f4 Ne4 36. Bxe4 dxe4 37. Nc3 Kh7 38. Nxe4 Qd4+ 39. Nf2 Rc5 40. Kh2 Rc3 41. Nd3 Rdc8 42. Rg4 g6 43. Qh4 Rxc2 44. Ne5 Kg7 45. Rxg6+ fxg6 46. Qe7+ Kg8 47. Qf7+ Kh8 48. Nxg6# 1-0

[Event "American Continental Blitz 18th"]
[Site "Medellin"]
[Date "2024.05.29"]
[Round "1"]
[White "Ocampo Cadavid, Matias"]
[Black "Mogollon Tobar, Nicolle Juliet"]
[Result "0-1"]
[WhiteElo "1680"]
[BlackElo "2063"]
[PlyCount "58"]
[EventDate "2024.05.29"]
[EventType "swiss (blitz)"]
[EventRounds "9"]
[EventCountry "COL"]
[SourceTitle "CBM 220 Extra"]
[Source "ChessBase"]
[SourceDate "2024.07.31"]
[SourceVersion "1"]
[SourceVersionDate "2024.07.31"]
[SourceQuality "1"]

1. d4 Nf6 2. Nf3 b6 3. e3 Bb7 4. Bd3 e6 5. Nbd2 c5 6. c3 d5 7. Qe2 Ne4 8. 0-0 Nd7 9. Ne5 Nxe5 10. dxe5 a6 11. f4 Be7 12. Nxe4 dxe4 13. Bc4 b5 14. Bb3 Qb6 15. Kh1 0-0 16. Qg4 Rad8 17. f5 exf5 18. Qxf5 Qg6 19. Qf2 c4 20. Bc2 Bc5 21. Bd2 Rfe8 22. Rad1 Rxe5 23. Bc1 Ree8 24. Rxd8 Rxd8 25. Rd1 Rxd1+ 26. Bxd1 Bd6 27. h3 Qe6 28. Bg4 Qe5 29. Bd2 Qh2# 0-1

[Event "American Continental 18th"]
[Site "Medellin"]
[Date "2024.05.28"]
[Round "7"]
[White "Gomez, Alfredo"]
[Black "Ocampo Cadavid, Matias"]
[Result "0-1"]
[WhiteElo "1851"]
[BlackElo "1680"]
[PlyCount "80"]
[EventDate "2024.05.24"]
[EventType "swiss"]
[EventRounds "11"]
[EventCountry "COL"]
[SourceTitle "CBM 220 Extra"]
[Source "ChessBase"]
[SourceDate "2024.07.31"]
[SourceVersion "1"]
[SourceVersionDate "2024.07.31"]
[SourceQuality "1"]

1. e4 c6 2. d4 d5 3. e5 Bf5 4. Bd3 Bg6 5. Ne2 e6 6. 0-0 Nd7 7. Be3 Ne7 8. Ng3 Rc8 9. b4 b6 10. Nc3 Bxd3 11. Qxd3 Ng6 12. a3 Be7 13. f4 c5 14. f5 cxd4 15. Bxd4 Ngxe5 16. Qe2 Bf6 17. Rad1 0-0 18. Nh5 Nc6 19. Nxf6+ Nxf6 20. Bxf6 Qxf6 21. fxe6 Qxc3 22. Qg4 Qe3+ 23. Kh1 Qxe6 24. Qh5 d4 25. Rf3 Qg6 26. Qd5 Qxc2 27. Rdf1 Qg6 28. h4 Rcd8 29. Qb3 Qe6 30. Qd1 Qc4 31. Rf4 Rde8 32. Qh5 Ne5 33. Rd1 Ng6 34. Rfxd4 Re1+ 35. Kh2 Qc7+ 36. g3 Rxd1 37. Qxd1 h6 38. Rd7 Qb8 39. Qd5 Nxh4 40. Rb7 Qe5 0-1

[Event "American Continental 18th"]
[Site "Medellin"]
[Date "2024.05.27"]
[Round "6"]
[White "Ocampo Cadavid, Matias"]
[Black "Lopez, Ricardo Andres"]
[Result "0-1"]
[WhiteElo "1680"]
[BlackElo "1837"]
[PlyCount "104"]
[EventDate "2024.05.24"]
[EventType "swiss"]
[EventRounds "11"]
[EventCountry "COL"]
[SourceTitle "CBM 220 Extra"]
[Source "ChessBase"]
[SourceDate "2024.07.31"]
[SourceVersion "1"]
[SourceVersionDate "2024.07.31"]
[SourceQuality "1"]

1. d4 Nf6 2. Nf3 g6 3. e3 d6 4. Bd3 Bg7 5. Nbd2 c5 6. b3 Nbd7 7. 0-0 0-0 8. Bb2 b6 9. c4 e6 10. Ne4 d5 11. Nxf6+ Bxf6 12. Ne5 Bb7 13. f4 cxd4 14. exd4 Bg7 15. Qg4 Nf6 16. Qh3 dxc4 17. Bxc4 Nd5 18. Bd3 Ne7 19. Ba3 Qxd4+ 20. Kh1 Nd5 21. Bxf8 Nxf4 22. Rxf4 Qxa1+ 23. Rf1 Qxe5 24. Bxg7 Kxg7 25. Qh4 Rc8 26. Qe7 Bxg2+ 27. Kxg2 Rf8 28. Qd7 Qg5+ 29. Kh1 Qc5 30. Bc4 Qe5 31. Qxa7 b5 32. Bxb5 Qxb5 33. Qd4+ e5 34. Qc4 Qxc4 35. bxc4 Rc8 36. Rc1 f5 37. Kg2 Kf7 38. Kf3 Ke6 39. Rc3 Rc5 40. Ke3 Kd6 41. Kd3 Ra5 42. a3 Kc5 43. Kc2 e4 44. Rh3 Kxc4 45. Rxh7 Rxa3 46. Rc7+ Kd4 47. Rc6 Ra2+ 48. Kd1 Rxh2 49. Rxg6 f4 50. Rd6+ Ke3 51. Ra6 Rh1+ 52. Kc2 f3 0-1

[Event "American Continental 18th"]
[Site "Medellin"]
[Date "2024.05.26"]
[Round "4"]
[White "Ocampo Cadavid, Matias"]
[Black "Ramirez Montoya, Jorge A"]
[Result "1-0"]
[WhiteElo "1680"]
[BlackElo "1825"]
[PlyCount "105"]
[EventDate "2024.05.24"]
[EventType "swiss"]
[EventRounds "11"]
[EventCountry "COL"]
[SourceTitle "CBM 220 Extra"]
[Source "ChessBase"]
[SourceDate "2024.07.31"]
[SourceVersion "1"]
[SourceVersionDate "2024.07.31"]
[SourceQuality "1"]

1. d4 d5 2. c4 c6 3. Nf3 Nf6 4. g3 Bf5 5. Bg2 e6 6. c5 b6 7. cxb6 axb6 8. Nbd2 Bd6 9. 0-0 0-0 10. Ne5 Qc7 11. Ndf3 Nbd7 12. Bf4 c5 13. a3 Be4 14. Nxd7 Nxd7 15. Bxd6 Qxd6 16. Rc1 Rfc8 17. Ng5 Bg6 18. dxc5 bxc5 19. e4 Qe7 20. exd5 Qxg5 21. dxe6 Nb6 22. exf7+ Bxf7 23. Bxa8 Rxa8 24. Qd6 Nc4 25. Qf4 Qxf4 26. gxf4 Nxb2 27. Rxc5 Nd3 28. Rc3 Nxf4 29. Re3 Ra5 30. Rc1 Rg5+ 31. Kf1 Be6 32. Rf3 Nd5 33. Re1 Bf7 34. Rb1 Nf6 35. Rb8+ Be8 36. Rxf6 gxf6 37. Rxe8+ Kf7 38. Ra8 Rh5 39. Ra7+ Kg6 40. Kg2 Rg5+ 41. Kf1 Rh5 42. a4 Rxh2 43. a5 Rh1+ 44. Kg2 Ra1 45. Ra8 Kf5 46. a6 Ra3 47. a7 Ra4 48. f3 Kf4 49. Rf8 Rxa7 50. Rxf6+ Kg5 51. Re6 h5 52. Re4 Ra2+ 53. Kg3 1-0